• 首页
  • 本馆介绍
  • 公告通知
  • 最新文献
  • 馆藏检索
  • 电子资源
  • 读者导购
  • 参考咨询
  • 我的图书馆
  • 登录
  • 详细信息显示
  • 放入我的书架
  • 预约/预借图书
  • 作者相关作品
  • 分类相关作品
  • 丛书相关作品
  • 出版社相关作品

书目信息

  • 表格格式
  • 工作单格式
  • 卡片格式
题名:
NBA明星教你打篮球
    
 
作者: 穆林 著 ;周蓉 , 周德至 译
分册:  
出版信息: 北京   人民体育出版社  1996
页数: 44页
开本: 29cm
丛书名:
单 册:
中图分类: G841.19
科图分类:
主题词: 篮球运动--基本知识
电子资源:
ISBN: 7-5009-1361-3
000 00676nam0 2200217 45
001 0405191727
005 20040519172039.3
010    @a7-5009-1361-3@dCNY16.80
100    @a20040519d1996 km y0chiy0120 ea
101 0  @achi@ceng
105    @af z 000yy
200 1  @aNBA明星教你打篮球@ANBA Ming Xing Jiao Ni Da Lan Qiu@f(美)克里斯·穆林著@F(Mei)Ke Li Si·Mu Lin Zhu@g周蓉,周德至译
210    @a北京@c人民体育出版社@d1996
215    @a44页@c图@d29cm
606 0  @a篮球运动@x基本知识
690    @aG841.19@v4
701  0 @a穆林@4著
702  0 @a周蓉@AZhou Rong@4译
702  0 @a周德至@AZhou De Zhi@4译
801    @aCN@bPftUser@c20040519
905    @b333262-266@dG841.19@e163@f5
    
    NBA明星教你打篮球/(美)克里斯·穆林著/周蓉,周德至译.-北京:人民体育出版社,1996
    44页:图;29cm
    
    
    ISBN 7-5009-1361-3:CNY16.80
    
●
相关链接 在E读中查询图书 在五车中查询图书 在当当中查询图书 在豆瓣中查询图书


正题名:NBA明星教你打篮球     索取号:G841.19/163         预约/预借

序号 登录号 条形码 馆藏地/架位号 状态 备注
1 0333262   203332624   第四借阅区/ [索取号:G841.19/163] 在馆    
2 0333263   203332633   第四借阅区/ [索取号:G841.19/163] 在馆    
3 0333264   203332642   第四借阅区/ [索取号:G841.19/163] 在馆    
4 0333265   203332651   第四借阅区/ [索取号:G841.19/163] 在馆    
5 0333266   203332660   第一样本阅览室/ [索取号:G841.19/163] 在馆    
唐山师范学院图书馆 欢迎您!
大连网信软件有限公司© 版权所有